000
00423nam a2200157Ia 4500
008
090711s9999 xx 000 0 und d
082
_b
69161
100
_a
मेहता शशिकला
245
_a
तुळसा
260
_c
1991
600
_a
मेहता शशिकला
630
_a
तुळसा
700
_a
मेहता शशिकला
730
_a
तुळसा
942
_c
BOOK
999
_c
326823
_d
326823